| 000 | 00462 a2200157 4500 | ||
|---|---|---|---|
| 003 | OSt | ||
| 005 | 20240801151243.0 | ||
| 008 | 231017b |||||||| |||| 00| 0 eng d | ||
| 040 | _coclc | ||
| 082 |
_a297 _bAZA/B |
||
| 100 |
_aAzali,Hamid Ibinu Muhammed _910457 |
||
| 245 | _aBIDAYATHUL HIDAYA : JAMIATHUL HIND / | ||
| 260 |
_aCalicut: _bjamiyath al hindu al islamia, _c2022. |
||
| 300 | _a72p | ||
| 942 |
_2ddc _cBK _h297 _iAZA/B _k297 _mAZA/B |
||
| 999 |
_c42727 _d42727 |
||